000 01099nam a22002297a 4500
005 20110224145937.0
008 110224t xxu||||| |||| 00| 0ben d
010 _aBEN-8386
020 _a9788129507978
_c-300.00
035 _aBN-6591
037 _bDBAD/PUB
040 _aDPL
_bBN
100 _926208
_aবেন্দাপাধ্য়ায় েদবী পৃসাদ
245 _aজীবনানন্দ দাশঃিবকাশ পৃিতষ্ঠার ইিতবৃও /
_cবেন্দাপাধ্য়ায় েদবী পৃসাদ
246 _aJibananda Das : Bikas Prathista
_b byDevi Prasad Mukhopadhya
260 _aকলকাতা
_b্আন্নদ পাবিলিশং
_c2009
270 _a45 েবিনয়ােটালা েলন
_bকলকাতা
_e700073
300 3 _a608 p
_c22cm (HB)
700 _926212
942 _2ddc
_cBN
_mবেন্দাপা
_h
999 _c50805
_d50805